[Event "Hoogeveen Amateurs op 25th"]
[Site "Hoogeveen"]
[Date "2022.10.18"]
[Round "4.13"]
[White "Krijnen, Wim"]
[Black "Van Woudenberg, Hans"]
[Result "1/2-1/2"]
[WhiteElo "1488"]
[BlackElo "1640"]
[PlyCount "71"]
[EventDate "2022.10.15"]
[EventType "swiss"]
[EventRounds "7"]
[EventCountry "NED"]
[SourceTitle "CBM 210 Extra"]
[Source "ChessBase"]
[SourceDate "2022.11.30"]
[SourceVersion "1"]
[SourceVersionDate "2022.11.30"]
[SourceQuality "1"]

1. e4 c6 2. d4 d5 3. e5 Bf5 4. Nc3 e6 5. g4 Bg6 6. Nge2 h6 7. Nf4 Bh7 8. Bd3 Bxd3 9. Qxd3 Qd7 10. Be3 Na6 11. a3 c5 12. Qb5 Qc6 13. Qxc6+ bxc6 14. dxc5 Bxc5 15. Bxc5 Nxc5 16. b4 Nd7 17. Nd3 Ne7 18. f4 0-0 19. 0-0 f6 20. Na4 fxe5 21. fxe5 Rxf1+ 22. Rxf1 Rf8 23. Nac5 Rxf1+ 24. Kxf1 Nf8 25. h4 Kf7 26. h5 g6 27. Nb7 gxh5 28. gxh5 Ke8 29. Nd6+ Kd7 30. Nf7 Nf5 31. Kf2 Ke7 32. Nh8 Nd4 33. c3 Nb5 34. Nf4 Nxc3 35. Nhg6+ Nxg6 36. hxg6 1/2-1/2